000 00441nam a2200181Ia 4500
005 20250526031906.0
008 240331s9999 xx 000 0 und d
082 _a302.234
_bABE
100 _aAbeysekera, Tissa
245 0 _aCinemave Arbudhaya
260 _aColombo
_bSocial & Religious Centre
_c1999
300 _a28 p .,
650 _aEconomy
650 _aTelevision
650 _aFilm corporation
650 _acinema
942 _cL
999 _c1159
_d1159